| 000 | 00626cam a2200229 a 4500 | ||
|---|---|---|---|
| 001 | 000004098 | ||
| 003 | DO-SdBNP | ||
| 005 | 20250702093947.0 | ||
| 008 | 980423s1998 nyu 000 1 eng | ||
| 010 | _a98022548 | ||
| 020 | _a0446523321 | ||
| 040 |
_aDO-SdBNP _cDLC _dDLC _dOCoLC _dDLC |
||
| 043 |
_an-us--- _an-us-dc |
||
| 050 | 0 | 0 |
_aPS3552.A446 _bS56 1998 |
| 082 | 0 | 0 |
_a813/.54 _221 |
| 100 | 1 |
_aBaldacci, David. _911461 |
|
| 245 | 1 | 4 |
_aThe simple truth / _cDavid Baldacci. |
| 260 |
_aNew York, NY : _bWarner Books, _cc1998. |
||
| 300 |
_a470 p. ; _c24 cm. |
||
| 910 | _aCatalogación por copia / LC | ||
| 942 |
_2ddc _cLBS1 |
||
| 999 |
_c3916 _d3916 |
||